000 00677nam a22001937a 4500
999 _c166353
_d166353
005 20190722123207.0
010 _aENG-126030
020 _a9788178442174
_c1495.00
035 _aEN-109562
037 _bDBAD/PUB
082 _a200.1
100 _aRavi Prakash 'Babloo '
245 _aÇomparative religious and philosophics /
_cby Ravi Prakash 'Babloo'
260 _aNew Delhi
_bR.K. Pulblications
_c2018
270 _a4806/24, Bharat Ram Road, Darya Ganj
_bNew Delhi
_e110002
_k011-23285167, 65185557
_minfo@kkpublications.com
300 _aviii,296p.
_c24cm(Hb)
500 _aIncludes bibliographical references and index
942 _2ddc
_cEN
_h200.1
_mRAV